000 00741nam a2200265Ia 4500
005 20260121165838.0
008 008 260114s9999 xx 000 0 eng d
020 _a9783319276045
037 _aEBOOK
040 _aCRL
040 _beng
040 _cCRL
041 _2eng
041 _aeng
084 _qCRL
100 _aCláudio Alves, Francois Clautiaux, José Valério de Carvalho, Jürgen Rietz
_91056746
245 0 _aDual-Feasible Functions for Integer Programming and Combinatorial Optimization
260 _bSpringer
260 _bSpringer
260 _c2016
856 _uhttps://link.springer.com/openurl?genre=book&isbn=978-3-319-27604-5
942 _cEBOOK
999 _c1622474
_d1622474